| 000 | 00664nam a2200217 a 4500 | ||
|---|---|---|---|
| 005 | 20240925064534.0 | ||
| 008 | 011004s1996 r 000 0 eng d | ||
| 020 | _a9684442025 | ||
| 035 | _aUPN01000112563 | ||
| 049 | _aCG | ||
| 050 | 4 |
_aBF408 _bE8.2 |
|
| 100 | 1 | _aEspíndola Castro, José Luis. | |
| 245 | 1 | 0 |
_aCreatividad : _bestrategias y técnicas / _cJosé Luis Espíndola Castro. |
| 260 |
_aMéxico : _bLongman, _c1996. |
||
| 300 |
_a156 p. : _bil. |
||
| 440 | 0 | _aDesarrollo de actividades del pensamiento | |
| 500 | _a"Pearson educación" | ||
| 650 | 7 |
_aAptitud creadora _2 _91354 |
|
| 650 | 4 |
_aPensamiento creativo (Educación) _95414 |
|
| 905 | _aLibro | ||
| 999 |
_c86471 _d86471 |
||